Noncommutative geometry and cayley-smooth orders

The text covers the tale local structure of such orders and their central singularities and finite dimensional representations. It is based on a series of courses given since 1999 in the advanced master program on noncommutative geometry, organized by the Noncommutative Geometry (NOG) project, spons...

Full beskrivning

Sparad:
Bibliografiska uppgifter
Huvudupphovsman: Le Bruyn, Lieven
Materialtyp: Bok
Språk:Undetermined
Publicerad: Boca Raton Chapman & Hall/CRC 2008
Ämnen:
Taggar: Lägg till en tagg
Inga taggar, Lägg till första taggen!
Thư viện lưu trữ: Trung tâm Học liệu Trường Đại học Cần Thơ
LEADER 01269nam a2200205Ia 4500
001 CTU_134391
008 210402s9999 xx 000 0 und d
020 |c 1663000 
082 |a 512.55 
082 |b L433 
100 |a Le Bruyn, Lieven 
245 0 |a Noncommutative geometry and cayley-smooth orders 
245 0 |c Lieven Le Bruyn 
260 |a Boca Raton 
260 |b Chapman & Hall/CRC 
260 |c 2008 
520 |a The text covers the tale local structure of such orders and their central singularities and finite dimensional representations. It is based on a series of courses given since 1999 in the advanced master program on noncommutative geometry, organized by the Noncommutative Geometry (NOG) project, sponsored by the European Science Foundation. Background information on invariant theory, algebraic geometry, central simple algebras, and the representation theory of quivers is given, followed by chapters on the main results of Cayley-smooth orders, semisimple representations, nilpotent representations, noncommutative manifolds, and moduli spaces. 
650 |a Noncommutative differential geometry.,Cayley-Hamilton theorem.,Đại số tuyến tính 
904 |i Trọng Hải 
980 |a Trung tâm Học liệu Trường Đại học Cần Thơ